00960 2200349 4500001002100000005001500021035002000036007000300056040001700059100002500076245005900101250001000160300003400170504002500204020002200229041000800251082001000259084001600269090002600285264003500311336002100346337003000367338002300397650002000420850001000440008004100450990002300491990002500514990002500539990002300564990002300587INLIS00000000000947720260420095044 a0010-1222000082ta aSBPUPADbind0 aTim PPLH:ePengarang1 aBudidaya Ikan Dari Air Limbah Rumah Tangga /cTim PPLH aCet.1 aiii 30 hlm. :bilus. ;c15 cm abibiliografi, hlm 30 a978-602-8179-47-80 aind a639.3 a639.3 TIM b a639.3 BUD p L 19 R 10 aJakarta :bRizky Grafis,c2008 2rdacontentateks 2rdamediaatanpa perantara 2rdacarrieravolume 4aTeknik Terampil aPUPAD260420 0  a8636/H/KAPD-PDG/09 a8634/H/KAPD-PDG/2009 a8637/H/KAPD-PDG/2009 a8636/H/KAPD-PDG/09 a8635/H/KAPD-PDG/09